ななしいんく所属Vtuber - Statistics

General Stats
  • This quiz has been taken 8 times
  • The average score is 4 of 43
Answer Stats
Answer % Correct
因幡はねる
71%
家入ポポ
43%
杏戸ゆげ
29%
花奏かのん
29%
風見くく
29%
柚原いづみ
29%
龍ヶ崎リン
29%
日ノ隈らん
29%
周防パトラ
29%
小森めと
29%
宗谷いちか
14%
西園寺メアリ
14%
飛良ひかり
14%
不磨わっと
14%
島村シャルロット
0%
堰代ミコ
0%
季咲あんこ
0%
瀬島るい
0%
湖南みあ
0%
月野木ちろる
0%
茜音カンナ
0%
涼海ネモ
0%
瑚白ユリ
0%
蛇宵ティア
0%
天羽衣
0%
日向ましゅ
0%
天絆ささは
0%
幽音しの
0%
羽流鷲りりり
0%
宇森ひなこ
0%
稲荷くろむ
0%
灰原あかね
0%
羽柴なつみ
0%
白宮みみ
0%
大浦るかこ
0%
蒼月エリ
0%
鴨見カモミ
0%
獅子王クリス
0%
虎城アンナ
0%
狼森メイ
0%
橙里セイ
0%
紫水キキ
0%
いなうるう
0%
No matching quizzes found
Score Distribution
Percent of People with Each Score
Percentile by Number Answered
Your Score History
You have not taken this quiz